000 00513nam a2200169 a 4500
005 20140412111242.0
008 020411s19uu xx 00 eng d
020 _a0-7853-1029-0
050 _aER
_bPe44 1994
245 _aPeter pan /
_cillustrations by Gary Torrisi.
260 _aLincolnwood, Illinois :
_bPublications International, Ltd,
_c1994.
300 _a1 v. (unp.) ; ill.
440 _aA Little Rainbow Book
650 _aAdventures
_xFiction
650 _aChildren stories
_xFiction
999 _c102808
_d102808